Solvents and Solvent Effects in Organic Chemistry
Salvato in:
| Autori principali: | , |
|---|---|
| Natura: | Libro |
| Lingua: | inglese |
| Pubblicazione: |
Weinheim
Wiley-VCH
2011
|
| Edizione: | 4th updated and enlarged ed. |
| Soggetti: | |
| Accesso online: | Visualizza in OPAC |
| Tags: |
Nessun Tag, puoi essere il primo ad aggiungerne!!
|
MARC
| LEADER | 00000nam a2200000 a 4500 | ||
|---|---|---|---|
| 005 | 20260127134227.0 | ||
| 008 | 110307 2011 gw 000 0 eng d | ||
| 020 | |a 9783527324736 | ||
| 035 | |a vtls010261669 | ||
| 039 | 9 | |a 201803021009 |b AUTHORITY |c 201803021008 |d AUTHORITY |y 201103070934 |z mschk03 | |
| 040 | |a STUSCHK1 |b slo |c STUSCHK1 |e AACR2 | ||
| 100 | 1 | |a Reichardt, Christian |c (chemik) | |
| 245 | 1 | |a Solvents and Solvent Effects in Organic Chemistry |c Christian Reichardt, Thomas Welton | |
| 250 | |a 4th updated and enlarged ed. | ||
| 260 | |a Weinheim |b Wiley-VCH |c 2011 | ||
| 300 | |a xxvi, 692 s. |b il. |c 24,5 cm | ||
| 650 | 0 | |a Solution (Chemistry) | |
| 650 | 0 | |a Solvation | |
| 650 | 0 | |a Organic solvents | |
| 650 | 0 | |a Chemistry, Organic | |
| 700 | 1 | |a Welton, Thomas |4 aut | |
| 910 | |a SCHK95 | ||
| 919 | |a 978-3-527-32473-6 | ||
| 999 | |c 7228 |d 7228 | ||